Vista normal Vista MARC

Entrada Topical Term

Número de registros utilizados en: 2

001 - CONTROL NUMBER

  • control field: 68216

003 - CONTROL NUMBER IDENTIFIER

  • control field: OSt

005 - DATE AND TIME OF LATEST TRANSACTION

  • control field: 20260120220324.0

008 - FIXED-LENGTH DATA ELEMENTS

  • fixed length control field: 260120|| aca||aabn | a|a d

040 ## - CATALOGING SOURCE

  • Original cataloging agency: OSt
  • Transcribing agency: OSt

150 ## - HEADING--TOPICAL TERM

  • Topical term or geographic name entry element: Programas de teatro
  • Geographic subdivision: Colombia
  • Chronological subdivision: Siglo XXI

670 ## - SOURCE DATA FOUND

  • Source citation: Work cat.: (OSt)60290: [Programaciones de algunos eventos realizados por parte de la Fundación T de Teatro entre los años 2013 y 2019]









Instituto Departamental de Cultura del Meta - Red Departamental de Bibliotecas Públicas del Meta.